| 000 | 00741nam a2200241Ia 4500 | ||
|---|---|---|---|
| 003 | OSt | ||
| 005 | 20220923222756.0 | ||
| 006 | a|||||r|||| 00| 0 | ||
| 007 | ta | ||
| 008 | 220922b |||||||| |||| 00| 0 hin d | ||
| 024 | _a207,783 | ||
| 037 | _cTextual | ||
| 040 |
_aARTS _cARTS _bhin |
||
| 041 |
_2hin _ahin |
||
| 082 | _aO152,3NPA14,1, L8.L8;1(=) | ||
| 100 | _aपेशन, इन्द्रा | ||
| 245 | 0 | _aतड़पते पंछी | |
| 246 | _aTaड़pate panchhī | ||
| 260 |
_aदिल्ली _b सीमांत प्रका0 _c1978 |
||
| 300 |
_a143पृ. _ccm. |
||
| 942 |
_hO152,3NPA14,1, L8.L8;1(=) _cTEXL _2CC |
||
| 999 |
_c358400 _d358400 |
||